Las claves del mito en Gabriel García Márquez

সংরক্ষণ করুন:
গ্রন্থ-পঞ্জীর বিবরন
প্রধান লেখক: Jara Cuadra, René (autor), Mejía Duque, Jaime (Author)
বিন্যাস: গ্রন্থ
ভাষা:স্প্যানিশ
প্রকাশিত: Valparaíso Universitarias 1972
মালা:Claves, 5
বিষয়গুলি:
ট্যাগগুলো: ট্যাগ যুক্ত করুন
কোনো ট্যাগ নেই, প্রথমজন হিসাবে ট্যাগ করুন!

MARC

LEADER 00000nam a2200000 a 4500
001 UCZ3440
003 CL-VaPUC
008 951020e19720000CL |||||||||||||||||spa|d
082 0 4 |a Co863  |b JAR  |2 21 
100 |a Jara Cuadra, René  |e autor  |9 743669 
700 0 |a Mejía Duque, Jaime  |e author  |9 347205 
245 1 4 |a Las claves del mito en Gabriel García Márquez 
300 |a 93 p 
942 |c BK 
945 |d 19951020 00:00:00  |a lriquelm 
260 |a Valparaíso  |b Universitarias  |c 1972 
600 0 7 |a GARCIA MARQUEZ, GABRIEL  |2 CL-VaPUC  |9 318478 
650 0 |a Literatura colombiana   |9 315578 
650 0 |a Novelas colombianas  |9 266734 
650 0 |a Crítica literaria   |9 269189 
583 |a last modification  |c 19951020 00:00:00  |k Rodrigo Vera 
490 0 |a Claves, 5 
999 |c 239915  |d 239913 
952 |0 0  |1 0  |4 0  |6 CO_863_000000000000000_JAR_1972  |7 0  |8 A  |9 251425  |a BIBEDU  |b BIBEDU  |d 2019-11-18  |i 1589016  |o Co863 JAR 1972  |p 1589016  |r 2019-11-18  |w 2019-11-18  |y BK  |k FIL 
952 |0 0  |1 0  |4 0  |6 CO_863_000000000000000_JAR_1972  |7 0  |8 A  |9 251426  |a BIBEDU  |b BIBEDU  |d 2019-11-18  |i 3240150  |o Co863 JAR 1972  |p 3240150  |r 2019-11-18  |w 2019-11-18  |y BK  |k LIT 
952 |0 0  |1 0  |4 0  |6 CO_863_000000000000000_JAR_1972  |7 0  |8 A  |9 251427  |a BIBEDU  |b BIBEDU  |d 2019-11-18  |i 2960427  |o Co863 JAR 1972  |p 2960427  |r 2019-11-18  |w 2019-11-18  |y BK  |k LIT 
952 |0 0  |1 0  |4 0  |6 CO_863_000000000000000_JAR_1972  |7 0  |8 A  |9 251428  |a BIBEDU  |b BIBEDU  |d 2019-11-18  |i 2852071  |o Co863 JAR 1972  |p 2852071  |r 2019-11-18  |w 2019-11-18  |y BK  |k LIT